书目信息 |
| 题名: |
彩图家庭养花护花
|
|
| 作者: | 邬志星, 著 ;唐良成 , 胡克强 摄影 | |
| 分册: | ||
| 出版信息: | 上海 上海文化出版社 2007.07 |
|
| 页数: | 275页 | |
| 开本: | 25cm | |
| 丛书名: | ||
| 单 册: | ||
| 中图分类: | S68-64 | |
| 科图分类: | ||
| 主题词: | 花卉--hua hui--观赏园艺--图解 | |
| 电子资源: | ||
| ISBN: | 978-7-80740-162-9 | |
| 000 | 01267nam0 2200277 450 | |
| 001 | 012008163381 | |
| 005 | 20080602111209.93 | |
| 010 | @a978-7-80740-162-9@dCNY58.00 | |
| 100 | @a20080602d2007 em y0chiy0120 ea | |
| 101 | 0 | @achi |
| 102 | @aCN@b310000 | |
| 105 | @aa z 000yy | |
| 106 | @ar | |
| 200 | 1 | @a彩图家庭养花护花@Acai tu jia ting yang hua hu hua@e养花·护花·赏花@d= Home gardening manual with colorized illustrations@eflower cultivating·flower Protecting·flower watching@f邬志星著@Fwu zhi xing zhu@g唐良成, 胡克强摄影@Gtang liang cheng,hu ke qiang she ying@zeng |
| 210 | @a上海@c上海文化出版社@d2007.07 | |
| 215 | @a275页@c图@d25cm | |
| 330 | @a养花怡性,护花有心,赏花悦情。本书主要包括了赏心悦目的花草、净化空气的花草、营养烹饪的花草、治病疗伤的花草以及易种易活的花草五方面内容。 | |
| 510 | 1 | @aHome gardening manual with colorized illustrations@eflower cultivating·flower Protecting·flower watching@zeng |
| 517 | 1 | @a养花·护花·赏花@Ayang hua·hu hua·shang hua |
| 606 | 0 | @a花卉@Ahua hui@x观赏园艺@j图解 |
| 690 | @aS68-64@v4 | |
| 701 | 0 | @a邬志星,@Awu zhi xing@f1944- @4著 |
| 702 | 0 | @a唐良成@Atang liang cheng@4摄影 |
| 702 | 0 | @a胡克强@Ahu ke qiang@4摄影 |
| 801 | 0 | @aCN@bQSSK@c20080602 |
| 905 | @b721265-67@dS68-64@eW726@f3 | |
| 彩图家庭养花护花:养花·护花·赏花= Home gardening manual with colorized illustrations:flower cultivating·flower Protecting·flower watching/邬志星著/唐良成, 胡克强摄影.-上海:上海文化出版社,2007.07 |
| 275页:图;25cm |
| ISBN 978-7-80740-162-9:CNY58.00 |
| 养花怡性,护花有心,赏花悦情。本书主要包括了赏心悦目的花草、净化空气的花草、营养烹饪的花草、治病疗伤的花草以及易种易活的花草五方面内容。 |
| ● |
| 相关链接 |
|
|
|
正题名:彩图家庭养花护花
索取号:S68-64/W726
 
预约/预借
| 序号 | 登录号 | 条形码 | 馆藏地/架位号 | 状态 | 备注 |
| 1 | 721265 | 207212657 | 期刊室512/401自科库 68排1列3层/ [索取号:S68-64/W726] | 在馆 | |
| 2 | 721266 | 207212666 | 自科库401/401自科库 68排1列3层/ [索取号:S68-64/W726] | 在馆 | |
| 3 | 721267 | 207212675 | 自科库401/ [索取号:S68-64/W726] | 在馆 |